Movies with Animal names - Statistics

General Stats
  • This quiz has been taken 100 times
  • The average score is 13 of 24
Answer Stats
Movies Actor % Correct
{Rat}atouille Patton Oswalt
93%
The {Wolf} of Wall Street Leonardo DiCaprio
93%
{Cat}Woman Halle Berry
88%
{Bat}man Begins Christian Bale
86%
{Dog} Day Afternoon Al Pacino
84%
Monty {Python} and the holy grail Graham Chapman
82%
Babe: {Pig} in the City Magda Szubanski
76%
The Girl with the {Dragon} Tattoo Daniel Craig
76%
Black {Panther} Chadwick Boseman
73%
The {Eagle} Has Landed Michael Caine
68%
Cocaine {Bear} Keri Russell
67%
Jojo {Rabbit} Scarlett Johansson
65%
The {Elephant} Man John Hurt
60%
Howard the {Duck} Lea Thompson
54%
Crazy like a {Fox} Charley Chase
41%
The {Scorpion} King Dwayne Johnson
36%
All the Pretty {Horses} Matt Damon
32%
Grey{hound} Tom Hanks
32%
The Good {Dinosaur} Raymond Ochoa
27%
{Dolphin} Tale Morgan Freeman
22%
Follow that {Camel} Phil Silvers
12%
Kingdom of the {Spiders} William Shatner
12%
Attack of the {Crab} Monsters Richard Garland
5%
The Last {Unicorn} Jeff Bridges
4%
No matching quizzes found
Score Distribution
Percent of People with Each Score
Percentile by Number Answered
Your Score History
You have not taken this quiz